Statistics for 最近的省會 #2

Click here to take the quiz!

General Stats

  • This quiz has been taken 78 times
  • The average score is 24 of 30

Answer Stats

城市最近的省會% Correct
保定石家莊
100%
東莞廣州
96%
桂林南寧
96%
大連瀋陽
94%
邯鄲石家莊
94%
常州南京
94%
大同呼和浩特
91%
青島濟南
87%
九江南昌
87%
寧波杭州
85%
敦煌烏魯木齊
85%
深圳香港
84%
唐山天津
82%
蘇州上海
81%
瀘州重慶
79%
江門澳門
79%
汕頭香港
78%
惠州香港
78%
威海天津
78%
溫州福州
78%
廈門福州
78%
蕪湖南京
76%
襄陽武漢
76%
無錫上海
75%
揚州南京
72%
武威西寧
72%
徐州合肥
71%
煙臺濟南
71%
中山澳門
66%
湛江海口
65%

Score Distribution

Percentile by Number Answered

Percent of People with Each Score

Your Score History

You have not taken this quiz